Central Library OPAC University of Rajshahi

Modern Bengal / (Record no. 64099)

MARC details
000 -LEADER
fixed length control field 00874nam a2200265 a 4500
001 - CONTROL NUMBER
control field 64099
003 - CONTROL NUMBER IDENTIFIER
rucl marc code BD-RjUL
005 - DATE AND TIME OF LATEST TRANSACTION
control field 20211209081254.0
008 - FIXED-LENGTH DATA ELEMENTS--GENERAL INFORMATION
fixed length control field 170208s1959 ii b 100 0 eng d
035 ## - SYSTEM CONTROL NUMBER
System control number (BD-RjUL)64229
040 ## - CATALOGING SOURCE
Original cataloging agency BD-RjUL
Transcribing agency BD-RjUL
Modifying agency BD-RjUL
Language of cataloging eng
041 ## - LANGUAGE CODE
Language code of text/sound track or separate title eng
082 00 - DEWEY DECIMAL CLASSIFICATION NUMBER
Classification number 954.14
Edition number 23
Author mark and year BOM 1959
100 1# - MAIN ENTRY--PERSONAL NAME
Personal name Bose, Nirmal Kumar
9 (RLIN) 190377
111 2# - MAIN ENTRY--MEETING NAME
Meeting name or jurisdiction name as entry element Seminar on Modern Bengal: a Socio-Economic Survey
Date of meeting (1971 :
Location of meeting Institute of Historical Studies)
9 (RLIN) 190378
245 10 - TITLE STATEMENT
Title Modern Bengal /
Statement of responsibility, etc. Nirmal Kumar Bose
260 ## - PUBLICATION, DISTRIBUTION, ETC. (IMPRINT)
Place of publication, distribution, etc. Calcutta :
Name of publisher, distributor, etc. Vidyodaya Library,
Date of publication, distribution, etc. 1959.
300 ## - PHYSICAL DESCRIPTION
Pagination 98 p. ;
Size 23 cm.
504 ## - BIBLIOGRAPHY, ETC. NOTE
Bibliography, etc Includes bibliographical references.
651 #0 - SUBJECT ADDED ENTRY--GEOGRAPHIC NAME
Geographic name India
General subdivision Bengal
9 (RLIN) 178286
Geographic name Bengal (India)
General subdivision Civilization.
9 (RLIN) 190379
Geographic name Bengal (India)
General subdivision Economic conditions.
9 (RLIN) 176387
942 ## - ADDED ENTRY ELEMENTS (KOHA)
Source of classification or shelving scheme Dewey Decimal Classification
Koha item type Books
Holdings
Lost status Source of classification or shelving scheme Damaged status Not for loan Collection code Permanent Location Current Location Shelving location Date acquired Source of acquisition Cost, normal purchase price Total Checkouts Full call number Date last seen Copy number Koha item type
  Dewey Decimal Classification   Not For Loan Non-fiction Central Library, University of Rajshahi Central Library, University of Rajshahi Reading Room   Uttarbanga library, Rajshahi 3.00   954.14 BOM 1959 08/02/2017 C-1 Books
  Dewey Decimal Classification     Non-fiction Central Library, University of Rajshahi Central Library, University of Rajshahi   31/05/1973 Wttarbanga Lib.,Rajshahi 3.00   954.14 BOM 1959 06/03/2017 C-2 Books